Logique - Mort Subite #5 - Statistiques

Statistiques générales
  • Ce quiz a été pris 243 fois
  • Le résultat moyen est 4 sur 27
Answers on the Grid
Answers color-coded by a green-red scale on the quiz's grid according to % correct below.
Quinoa
Zidane
Loup-garou
Y'a que ça de vrai
Jacksonville
Looll
Dionysos
Périr
Au Bistrot
Brasseur
Belvita
Sans son
Renault
Fer à repasser
Brèle
Dorémifasollasido
Miso
Bord
42
Au frais
Caliméro
Pied
Crac
Espérer
Cantal
Abattu
Les nones
JaegerMeister
Argon
Crayon
Presse les
Jonathan
Suzuki Swift
Marteau
Je suis beau oui
Bac mention bien
Dell
You too
Bacon
Allez Tchao
 
Statistiques - réponses
Réponse % Correct
Quinoa
37%
Renault
26%
Jacksonville
24%
Loup-garou
24%
Y'a que ça de vrai
24%
Sans son
19%
Je suis beau oui
18%
Presse les
18%
You too
18%
Allez Tchao
17%
Dionysos
17%
Suzuki Swift
17%
Brèle
16%
Au frais
15%
Belvita
15%
Dorémifasollasido
15%
Bac mention bien
13%
Caliméro
13%
Fer à repasser
13%
JaegerMeister
13%
Bacon
12%
Cantal
12%
Périr
12%
Les nones
10%
Jonathan
8%
Abattu
5%
Espérer
4%
Aucun quiz correspondant
Distribution des résultats
% des personnes avec chaque résultat
Percentile par nombre de réponses
Votre historique - résultats
Vous n’avez pas pris ce quiz